| 000 | 00501nam a22001817a 4500 | ||
|---|---|---|---|
| 003 | OSt | ||
| 008 | 250218b |||||||| |||| 00| 0 eng d | ||
| 020 | _a81-204-0834-9 | ||
| 041 | _aeng | ||
| 082 |
_a627.52 _bSHA/TE |
||
| 100 |
_aSharma, RK _97024 |
||
| 245 | _aText Book of Irrigation Engineering | ||
| 260 |
_aNew Delhi: _bOxford & IBH Publishing Co Ltd, _c1993. |
||
| 300 | _a278p. | ||
| 490 | _aVol.111 Canal Structures: Including River Engineering | ||
| 700 |
_aSharma, TK _97025 |
||
| 942 | _cBK | ||
| 999 |
_c19402 _d19402 |
||